000 nam a22 c 4500
999 _c3683
_d3683
003 AKMAL
005 20170523151644.0
008 170523s1984 xxu 00 eng d
020 _a0070088659
040 _aAKMAL
082 0 4 _a658.802 BUE
090 _a658.802
_bBUE
100 1 _aBuell, Victor P.
_97283
245 1 _aMarketing management :
_ba strategic planning approach /
_cVictor P. Buell
260 _aNew York :
_bMcGraw-Hill,
_c1984
300 _axxi, 682 p. :
_bill. ;
_c25 cm
504 _aBibliography: p. 666-672
650 _aMarketing
_xManagement
_97040
942 _2ddc
_cBOOK